000 00688nas a2200253 4500
001 BR9201376
003 BR-BrBNA
005 20231205092408.0
007 ta
008 230509b bl.|||p| |||| 00| 00por d
040 _aBR-BrBNA
_bpor
_cBiblioteca Nacional de Agricultura
041 _a(Pt)
072 _aF01
100 1 _aPitombo, L.H.
245 1 _aFlores; um bom negocio em expansao
650 _aFLOR
650 _aFLORICULTURA
650 _aPLANTA ORNAMENTAL
650 _aCONSUMO
650 _aMERCADO
773 0 _tBalde Branco (Brazil)
_xISSN 0005-4275
_g(Jan 1992), v. 28(327) p. 28-30
_wBR9201376
909 _a202311
_bLúcia
_c55
_dLúcia Elande
942 _2AGRIS
_n0
_cANA
999 _c131401
_d131401